|
|
|
|
| LEADER |
00000naa2a2200000 4500 |
| 001 |
621493 |
| 005 |
20240130151223.0 |
| 035 |
|
|
|a (RuTPU)RU\TPU\conf\20109
|
| 035 |
|
|
|a RU\TPU\conf\20105
|
| 090 |
|
|
|a 621493
|
| 100 |
|
|
|a 20170110d2016 k y0rusy50 ca
|
| 101 |
0 |
|
|a rus
|
| 102 |
|
|
|a RU
|
| 105 |
|
|
|a y z 101zy
|
| 135 |
|
|
|a drgn ---uucaa
|
| 181 |
|
0 |
|a i
|
| 182 |
|
0 |
|a b
|
| 200 |
1 |
|
|a Распад существенно неоднородных капель воды в высокотемпературной газовой среде
|f М. В. Пискунов, А. О. Опарин
|g науч. рук. П. А. Стрижак
|
| 203 |
|
|
|a Текст
|c электронный
|
| 225 |
1 |
|
|a Теплофизика и теоретическая теплотехника
|
| 300 |
|
|
|a Заглавие с титульного экрана
|
| 320 |
|
|
|a [Библиогр.: с. 80 (3 назв.)]
|
| 461 |
|
1 |
|0 (RuTPU)RU\TPU\conf\20053
|t Интеллектуальные энергосистемы
|o труды IV Международного молодёжного форума, 10-14 октября 2016 г., г. Томск
|o в 3 т.
|f Национальный исследовательский Томский политехнический университет (ТПУ), Энергетический институт (ЭНИН)
|d 2016
|
| 463 |
|
1 |
|0 (RuTPU)RU\TPU\conf\20054
|t Т. 1
|v [С. 76-80]
|d 2016
|
| 610 |
1 |
|
|a труды учёных ТПУ
|
| 610 |
1 |
|
|a электронный ресурс
|
| 610 |
1 |
|
|a распад
|
| 610 |
1 |
|
|a капли
|
| 610 |
1 |
|
|a высокотемпературные среды
|
| 610 |
1 |
|
|a газовые среды
|
| 610 |
1 |
|
|a поверхности
|
| 610 |
1 |
|
|a теплообмен
|
| 610 |
1 |
|
|a жидкости
|
| 700 |
|
1 |
|a Пискунов
|b М. В.
|c специалист в области теплотехники
|c инженер Томского политехнического университета
|f 1991-
|g Максим Владимирович
|3 (RuTPU)RU\TPU\pers\34148
|9 17688
|
| 701 |
|
1 |
|a Опарин
|b А. О.
|
| 702 |
|
1 |
|a Стрижак
|b П. А.
|c специалист в области теплоэнергетики
|c профессор Томского политехнического университета, доктор физико-математических наук
|f 1985-
|g Павел Александрович
|4 727
|
| 712 |
0 |
2 |
|a Национальный исследовательский Томский политехнический университет (ТПУ)
|b Энергетический институт (ЭНИН)
|b Лаборатория фундаментальных основ ресурсоэффективных и безопасных технологий тушения лесных пожаров с применением авиации (ЛФОРиБТТЛППА)
|3 (RuTPU)RU\TPU\col\21262
|
| 712 |
0 |
2 |
|a Национальный исследовательский Томский политехнический университет (ТПУ)
|b Энергетический институт (ЭНИН)
|b Кафедра автоматизации теплоэнергетических процессов (АТП)
|3 (RuTPU)RU\TPU\col\18678
|
| 801 |
|
2 |
|a RU
|b 63413507
|c 20170124
|g RCR
|
| 856 |
4 |
|
|u http://earchive.tpu.ru/handle/11683/36272
|
| 942 |
|
|
|c BK
|